000 00371nam a22001457a 4500
008 230228b |||||||| |||| 00| 0 eng d
020 _a978-1-847-92367-7
082 _a616.99
100 _aPaul Kalanithi
245 _aWhen Breath Becomes Air
260 _bThe Bodley Head,
_c2021
300 _a228 p.
_c20.5 cm
942 _2ddc
999 _c9372
_d9373